Inazuma Eleven - Inazuma Japon - Statistiques

Statistiques générales
  • Ce quiz a été pris 179 fois
  • Le résultat moyen est 26 sur 56
Statistiques - réponses
Numéro(s) Saison(s) Poste(s) Joueur % Correct
1 & 15 3/Orion & Film GO CS Gardien & Libéro Mark
99%
10 3/Orion & Film GO CS Attaquant Axel
90%
5 & 14 3/Orion & Film GO CS Milieu Jude
86%
3 3 & Film GO CS Défenseur Jack
84%
4 & 9 3/Orion & Film GO CS Attaquant & Défenseur Shawn
81%
9 Orion Attaquant Xavier
79%
15 & 18 3/Orion & Film GO CS Attaquant & Milieu & Défenseur Xavier
79%
2 & 6 3/Orion & Film GO CS Défenseur & Milieu Nathan
77%
20 3 Gardien & Milieu Darren
73%
8 Galaxy & Film GO CS Milieu Arion
72%
11 3 Attaquant Austin
70%
3 & 8 3/Orion & Film GO CS Milieu Caleb
70%
5 3 Défenseur Tod
70%
17 3 & Film GO CS Attaquant Kevin
67%
12 3 Milieu & Défenseur Thor
67%
9 Galaxy & Film GO CS Milieu Riccardo
66%
10 Galaxy & Film GO CS Attaquant Victor
66%
4 3 & Film GO CS Défenseur Hurley
65%
6 3 Défenseur Scotty
65%
13 3 Milieu Jordan
63%
20 Galaxy & Film GO CS Gardien JP
63%
7 3 Défenseur Archer
61%
1 Galaxy Gardien Terry
59%
16 3 & Film GO CS Milieu David
57%
11 Galaxy Attaquant Falco
46%
2 Galaxy Défenseur Trina
39%
7 Galaxy Milieu Cerise
37%
3 Film GO CS Défenseur Gabi
37%
18 Film GO CS Attaquant Sol
37%
8 Orion Milieu Sonny
37%
78 Film GO CS Défenseur Goldie
36%
7 Film GO CS Attaquant Bailong
34%
16 Orion Attaquant Byron
32%
15 Film GO CS Défenseur Aitor
31%
6 Galaxy Milieu Buddy
31%
5 Galaxy Défenseur Frank
31%
11 Orion Attaquant Elliot
30%
19 Orion Gardien & Défenseur & Milieu Dave
29%
3 Galaxy Défenseur Keenan
28%
4 Galaxy Défenseur Zippy
28%
22 Orion Attaquant Aiden
27%
14 Orion Milieu Heath
27%
18 Galaxy Attaquant Zack
27%
11 Film GO CS Attaquant Fey
25%
14 Film GO CS Milieu Ryoma
23%
23 Orion Gardienne Sandra
23%
6 Film GO CS Attaquant Njord
22%
21 Orion Attaquant Basile
17%
13 Orion Milieu Ichihoshi
15%
12 Orion Attaquant Adriano
14%
7 Orion Milieu Valentin
14%
20 Orion Gardien & Défenseur Duske
13%
2 Orion Défenseur Billy
12%
17 Orion Défenseur Cliff
12%
18 Orion Défenseur Trevor
12%
24 Orion Défenseur Acker
11%
Aucun quiz correspondant
Distribution des résultats
% des personnes avec chaque résultat
Percentile par nombre de réponses
Votre historique - résultats
Vous n’avez pas pris ce quiz